Tous les Attributs des Bakugan - Statistiques

Statistiques générales
  • Ce quiz a été pris 37 fois
  • Le résultat moyen est 5 sur 6
Statistiques - réponses
Attribut % Correct
Darkus
94%
Pyrus
94%
Ventus
91%
Aquos
81%
Subterra
69%
Haos
59%
Aucun quiz correspondant
Distribution des résultats
% des personnes avec chaque résultat
Percentile par nombre de réponses
Votre historique - résultats
Vous n’avez pas pris ce quiz